| 000 | 00531nam a22001697a 4500 | ||
|---|---|---|---|
| 999 |
_c2058 _d2058 |
||
| 003 | URS | ||
| 005 | 20220114141955.0 | ||
| 008 | 190507s2000 ph a|||| |||| 00| 0 eng d | ||
| 040 |
_cURS _beng _drda |
||
| 050 | 1 | 4 |
_aHE 5691 _b.A357 2000 |
| 100 | _aAldaba, Edilberto P. | ||
| 245 | 3 | 0 |
_aMathematics of investments _cEdilberto P. Aldada, Felina C. Young, Diosdado Amante |
| 264 |
_aMandaluyong City: _bNational Book Store; _c[2000] |
||
| 300 |
_av, 261 pages: _bwith Illustrations; _c25 cm. |
||
| 700 | _aYoung, Felina C. | ||
| 942 |
_2lcc _cF |
||